000 00578nam a22002057a 4500
005 20220411142151.0
008 220411b ||||| |||| 00| 0 eng d
040 _cAL
041 _aEnglish
082 _223
_a378.54
_bKOLP
100 _aA S Kolaskar and others
_929200
245 _aPrecious Thoughts:convocation addresses Vol I
260 _aPoona
_bUniversity of Poona
_c1994
300 _aiii,621 p.
_bHB
_c22x14 cm.
365 _c
_d₹400.00
700 _aKOLASKAR (A S)
_929201
700 _aSWAMI (P S)
_929202
700 _aPATIL (S K)
_929203
942 _2ddc
_cGF
999 _c222345
_d222345